Coffee agroecology : (Record no. 1303)

MARC details
000 -LEADER
fixed length control field 01836nam a22003257a 4500
005 - DATE AND TIME OF LATEST TRANSACTION
control field 20240624131728.0
008 - FIXED-LENGTH DATA ELEMENTS--GENERAL INFORMATION
fixed length control field 240624b |||||||| |||| 00| 0 eng d
020 ## - INTERNATIONAL STANDARD BOOK NUMBER
International Standard Book Number 9780415826808 (hbk : alk. paper)
020 ## - INTERNATIONAL STANDARD BOOK NUMBER
International Standard Book Number 9780415826815 (pbk : alk. paper)
020 ## - INTERNATIONAL STANDARD BOOK NUMBER
Canceled/invalid ISBN 9780203526712 (ebk : alk. paper)
040 ## - CATALOGING SOURCE
Original cataloging agency DLC
Language of cataloging eng
Transcribing agency DLC
Description conventions rda
Modifying agency KMU
050 00 - LIBRARY OF CONGRESS CALL NUMBER
Classification number SB269
100 1# - MAIN ENTRY--PERSONAL NAME
Personal name Perfecto, Ivette.
245 10 - TITLE STATEMENT
Title Coffee agroecology :
Remainder of title a new approach to understanding agricultural biodiversity, ecosystem services, and sustainable development /
Statement of responsibility, etc. Ivette Perfecto and John Vandermeer.
264 #1 - PRODUCTION, PUBLICATION, DISTRIBUTION, MANUFACTURE, AND COPYRIGHT NOTICE
Place of production, publication, distribution, manufacture London ;
-- New York :
Name of producer, publisher, distributor, manufacturer Routledge,
Date of production, publication, distribution, manufacture, or copyright notice 2015.
300 ## - PHYSICAL DESCRIPTION
Extent xxi, 336 pages :
Other physical details illustrations ;
Dimensions 23 cm
336 ## - CONTENT TYPE
Content type term text
Source rdacontent
337 ## - MEDIA TYPE
Media type term unmediated
Source rdamedia
338 ## - CARRIER TYPE
Carrier type term volume
Source rdacarrier
504 ## - BIBLIOGRAPHY, ETC. NOTE
Bibliography, etc. note Includes bibliographical references (pages 290-327) and index.
505 0# - FORMATTED CONTENTS NOTE
Formatted contents note Wake up and smell the coffee (or a tale of two farms) -- A biodiverse cup of coffee : coffee agroforests as repositories of tropical biodiversity -- The coffee agroecosystem as a high-quality matrix -- Space matters : large scale spatial ecology within the coffee agroecosystem -- Who's eating whom and how : trophic and trait-mediated cascades in the coffee agroecosystem -- Interactions across spatial scales -- Biodiversity and ecosystem services -- Coffee, the agroecological landscape, and farmer's livelihoods -- Syndromes of coffee production : embracing sustainability.
650 #0 - SUBJECT ADDED ENTRY--TOPICAL TERM
Topical term or geographic name entry element Coffee.
650 #0 - SUBJECT ADDED ENTRY--TOPICAL TERM
Topical term or geographic name entry element Sustainable agriculture.
650 #0 - SUBJECT ADDED ENTRY--TOPICAL TERM
Topical term or geographic name entry element Ecosystem management.
650 #0 - SUBJECT ADDED ENTRY--TOPICAL TERM
Topical term or geographic name entry element Tropical crops.
700 1# - ADDED ENTRY--PERSONAL NAME
Personal name Vandermeer, John H.
906 ## - LOCAL DATA ELEMENT F, LDF (RLIN)
a 7
b cbc
c orignew
d 1
e ecip
f 20
g y-gencatlg
942 ## - ADDED ENTRY ELEMENTS (KOHA)
Source of classification or shelving scheme Library of Congress Classification
Koha item type Non-Fiction
Suppress in OPAC No
Holdings
Withdrawn status Lost status Source of classification or shelving scheme Damaged status Not for loan Collection Home library Current library Shelving location Date acquired Source of acquisition Total Checkouts Full call number Barcode Date last seen Price effective from Koha item type
    Library of Congress Classification     Non-fiction Kapasa Makasa University Kapasa Makasa University Open Access 24.06.2024 ZLS   SB 269 Per 300723 24.06.2024 24.06.2024 Non-Fiction
    Library of Congress Classification     Non-fiction Kapasa Makasa University Kapasa Makasa University Open Access 24.06.2024 ZLS   SB 269 Per 300722 24.06.2024 24.06.2024 Non-Fiction
    Library of Congress Classification     Non-fiction Kapasa Makasa University Kapasa Makasa University Open Access 27.06.2024 ZLS   SB 269 Per 300808 27.06.2024 27.06.2024 Non-Fiction